How to research (Record no. 4901)
[ view plain ]
| 000 -LEADER | |
|---|---|
| fixed length control field | 00606 a2200205 4500 |
| 020 ## - INTERNATIONAL STANDARD BOOK NUMBER | |
| International Standard Book Number | 033521746X |
| 020 ## - INTERNATIONAL STANDARD BOOK NUMBER | |
| International Standard Book Number | 0335217478 |
| 020 ## - INTERNATIONAL STANDARD BOOK NUMBER | |
| International Standard Book Number | 9780335217465 (pbk) |
| 020 ## - INTERNATIONAL STANDARD BOOK NUMBER | |
| International Standard Book Number | 9780335217472 |
| 040 ## - CATALOGING SOURCE | |
| Original cataloging agency | DLC |
| Language of cataloging | DLC |
| 100 1# - MAIN ENTRY--PERSONAL NAME | |
| Personal name | Blaxter, Loraine, |
| 245 10 - TITLE STATEMENT | |
| Title | How to research |
| Statement of responsibility, etc. | Loraine Blaxter, Christina Hughes and Malcolm Tight |
| 250 ## - EDITION STATEMENT | |
| Edition statement | 3rd ed. |
| 260 ## - PUBLICATION, DISTRIBUTION, ETC. | |
| Place of publication, distribution, etc. | Buckingham ; |
| -- | Philadelphia : |
| Name of publisher, distributor, etc. | Open University Press, |
| Date of publication, distribution, etc. | 2006. |
| 300 ## - PHYSICAL DESCRIPTION | |
| Extent | 287 p. : |
| Other physical details | ill. ; |
| Dimensions | 23 cm. |
| 650 #0 - SUBJECT ADDED ENTRY--TOPICAL TERM | |
| Topical term or geographic name entry element | Research |
| General subdivision | Methodology. |
| 700 1# - ADDED ENTRY--PERSONAL NAME | |
| Personal name | Hughes, Christina, |
| Dates associated with a name | 1952- |
| 700 1# - ADDED ENTRY--PERSONAL NAME | |
| Personal name | Tight, Malcolm. |
| 942 ## - ADDED ENTRY ELEMENTS (KOHA) | |
| Koha item type | Book |
| Call number prefix | 001.42 BLA |
| Source of classification or shelving scheme | |
| Withdrawn status | Lost status | Damaged status | Not for loan | Collection code | Permanent Location | Current Location | Shelving location | Date acquired | Source of acquisition | Cost, normal purchase price | Total Checkouts | Total Renewals | Full call number | Barcode | Date last seen | Date last checked out | Price effective from | Koha item type |
|---|---|---|---|---|---|---|---|---|---|---|---|---|---|---|---|---|---|---|
| Computer Science | Central Library (CL) | Central Library (CL) | First Floor - Computer Science | 05/10/2007 | Allied Book Company | 2276.39 | 6 | 1 | 001.42 BLA | SEECS008479 | 06/19/2025 | 10/30/2024 | 01/05/2017 | Book |
